000 00724nam a2200205Ii 4500
003 JO-AjNU
008 230605s9999||||xx |||||||||||||| ||und||
017 _a2005/1/146
040 _aJO-AjNU
_bara
_erda
_cJO-AjNU
041 _aara
050 1 4 _aPJ6066.S926 2005
100 3 _aتاليف الصويركي،محمد علي,
_eauthor
_910856
245 0 0 _aالألعاب اللغوية ودورها في تنمية مهارات اللغة العربية
264 3 1 _aعمان: المؤلف، 2005
300 _a176ص
336 _atext
_btxt
_2rdacontent
337 _aunmediated
_bn
_2rdamedia
338 _avolume
_bnc
_2rdacarrier
650 4 _aالألعاب-اللغة العربية-مهارات القراءة
_910857
999 _aA2022
_c5590
_d5590